[Event "VIII Miedzynarodowy Memorial Ferdynanda Dziedzica"]
[Site "Trzcianka"]
[Date "2018.10.14"]
[Round "3.1"]
[White "Moiseenko, Alexander"]
[Black "Suliborski, Jakub"]
[Result "1-0"]
[BlackElo "2135"]
[WhiteElo "2680"]
[LiveChessVersion "1.4.8"]

1. d4 {[%clk 0:10:09]} Nf6 {[%clk 0:10:08]} 2. c4 {[%clk 0:10:12]} e5
{[%clk 0:10:09]} 3. dxe5 {[%clk 0:10:14]} Ne4 {[%clk 0:10:12]} 4. a3
{[%clk 0:09:57]} a5 {[%clk 0:10:12]} 5. g3 {[%clk 0:07:48]} Nc6 {[%clk 0:09:59]}
6. Bg2 {[%clk 0:07:43]} Nc5 {[%clk 0:10:02]} 7. Nf3 {[%clk 0:07:33]} h6
{[%clk 0:09:55]} 8. Nc3 {[%clk 0:07:14]} g5 {[%clk 0:09:39]} 9. Nd5
{[%clk 0:06:20]} Bg7 {[%clk 0:09:34]} 10. Be3 {[%clk 0:06:10]} Ne6
{[%clk 0:09:22]} 11. O-O {[%clk 0:04:50]} O-O {[%clk 0:08:03]} 12. Qd2
{[%clk 0:04:33]} Ra6 {[%clk 0:07:09]} 13. Nf6+ {[%clk 0:03:15]} Bxf6
{[%clk 0:07:09]} 14. exf6 {[%clk 0:03:19]} Qxf6 {[%clk 0:07:13]} 15. h4
{[%clk 0:03:17]} Ne5 {[%clk 0:06:39]} 16. Nxe5 {[%clk 0:03:11]} Qxe5
{[%clk 0:06:43]} 17. f4 {[%clk 0:03:10]} gxf4 {[%clk 0:06:18]} 18. gxf4
{[%clk 0:03:12]} Qf5 {[%clk 0:06:11]} 19. Kh2 {[%clk 0:03:07]} Rd6
{[%clk 0:06:05]} 20. Qc3 {[%clk 0:02:55]} Qg4 {[%clk 0:05:31]} 21. Bh3
{[%clk 0:02:49]} Qxh4 {[%clk 0:05:32]} 22. Rg1+ {[%clk 0:02:47]} Kh7
{[%clk 0:05:28]} 23. Rg4 {[%clk 0:02:25]} Qh5 {[%clk 0:05:12]} 24. Rag1
{[%clk 0:02:25]} f6 {[%clk 0:05:11]} 25. Bf2 {[%clk 0:02:11]} Qf7
{[%clk 0:04:56]} 26. Rh4 {[%clk 0:01:40]} Ng7 {[%clk 0:04:43]} 27. Bc5
{[%clk 0:01:28]} b6 {[%clk 0:03:48]} 28. Bxd6 {[%clk 0:01:30]} cxd6
{[%clk 0:03:52]} 29. Bg2 {[%clk 0:01:26]} Qe7 {[%clk 0:03:37]} 30. Bd5
{[%clk 0:01:00]} f5 {[%clk 0:02:47]} 31. Qg3 {[%clk 0:00:31]} Qf6
{[%clk 0:02:42]} 32. b4 {[%clk 0:00:34]} axb4 {[%clk 0:02:42]} 33. axb4
{[%clk 0:00:37]} Re8 {[%clk 0:02:35]} 34. e3 {[%clk 0:00:37]} Rxe3
{[%clk 0:02:17]} 35. Qxe3 {[%clk 0:00:35]} Qxh4+ {[%clk 0:02:21]} 36. Qh3
{[%clk 0:00:27]} Qxf4+ {[%clk 0:01:22]} 37. Qg3 {[%clk 0:00:30]} Nh5
{[%clk 0:01:26]} 38. Qxf4 {[%clk 0:00:33]} Nxf4 {[%clk 0:01:30]} 39. Bf3
{[%clk 0:00:14]} d5 40. cxd5 {[%clk 0:00:10]} Bb7 {[%clk 0:01:24]} 41. Rd1
{[%clk 0:00:10]} Kg7 {[%clk 0:01:15]} 42. Kg3 {[%clk 0:00:12]} Ng6
{[%clk 0:01:19]} 43. Rc1 {[%clk 0:00:14]} Ba6 {[%clk 0:00:36]} 44. Rc7
{[%clk 0:00:11]} Ne5 {[%clk 0:00:27]} 45. d6 {[%clk 0:00:13]} Kf6
{[%clk 0:00:27]} 46. Bd5 {[%clk 0:00:17]} Bd3 {[%clk 0:00:24]} 47. Kf4
{[%clk 0:00:14]} b5 {[%clk 0:00:22]} 48. Rc8 {[%clk 0:00:18]} Ng6+
{[%clk 0:00:25]} 49. Ke3 {[%clk 0:00:22]} Be4 {[%clk 0:00:26]} 50. Bxe4
{[%clk 0:00:22]} fxe4 {[%clk 0:00:30]} 51. Kxe4 {[%clk 0:00:20]} Ke6
{[%clk 0:00:34]} 52. Rb8 {[%clk 0:00:19]} Nh8 {[%clk 0:00:32]} 53. Rxh8 Kd5+ 1-0

[Event "VIII Miedzynarodowy Memorial Ferdynanda Dziedzica"]
[Site "Trzcianka"]
[Date "2018.10.14"]
[Round "3.2"]
[White "Zolnierowicz, Krzysztof"]
[Black "Piorun, Kacper"]
[Result "1-0"]
[BlackElo "2636"]
[WhiteElo "2119"]
[LiveChessVersion "1.4.8"]

1. e4 {[%clk 0:10:07]} c6 {[%clk 0:10:09]} 2. d3 {[%clk 0:10:06]} d5
{[%clk 0:10:13]} 3. Nd2 {[%clk 0:10:09]} g6 {[%clk 0:10:15]} 4. Ngf3
{[%clk 0:10:11]} Bg7 {[%clk 0:10:19]} 5. g3 {[%clk 0:10:14]} e5 {[%clk 0:10:22]}
6. Bg2 {[%clk 0:10:17]} Ne7 {[%clk 0:10:25]} 7. O-O {[%clk 0:10:17]} O-O
{[%clk 0:10:28]} 8. Re1 {[%clk 0:10:14]} d4 {[%clk 0:10:30]} 9. Nc4
{[%clk 0:10:05]} f6 {[%clk 0:10:34]} 10. c3 {[%clk 0:10:06]} c5 {[%clk 0:10:31]}
11. b4 {[%clk 0:09:54]} cxb4 {[%clk 0:09:53]} 12. cxd4 {[%clk 0:09:37]} exd4
{[%clk 0:09:55]} 13. Qb3 {[%clk 0:09:38]} Kh8 {[%clk 0:09:53]} 14. Qxb4
{[%clk 0:09:33]} Nbc6 {[%clk 0:09:51]} 15. Qd6 {[%clk 0:09:04]} b5
{[%clk 0:09:53]} 16. Qxd8 {[%clk 0:09:01]} Rxd8 {[%clk 0:09:57]} 17. Na3
{[%clk 0:08:43]} Ba6 {[%clk 0:08:59]} 18. Bb2 {[%clk 0:08:38]} Nb4
{[%clk 0:07:07]} 19. Bf1 {[%clk 0:08:40]} Nec6 {[%clk 0:07:05]} 20. Rac1
{[%clk 0:07:29]} Ne5 {[%clk 0:06:37]} 21. Nxe5 {[%clk 0:07:01]} fxe5
{[%clk 0:06:40]} 22. Rc5 {[%clk 0:06:48]} Rac8 {[%clk 0:06:19]} 23. Rec1
{[%clk 0:06:25]} Nxa2 {[%clk 0:05:43]} 24. Rxc8 {[%clk 0:06:23]} Rxc8
{[%clk 0:05:46]} 25. Rxc8+ {[%clk 0:06:17]} Bxc8 {[%clk 0:05:50]} 26. Nxb5
{[%clk 0:06:19]} Bd7 {[%clk 0:05:26]} 27. Nd6 {[%clk 0:05:58]} a5
{[%clk 0:05:14]} 28. f4 {[%clk 0:06:01]} exf4 {[%clk 0:04:50]} 29. gxf4
{[%clk 0:06:04]} Nc3 {[%clk 0:04:53]} 30. e5 {[%clk 0:05:52]} Kg8
{[%clk 0:04:23]} 31. Ne4 {[%clk 0:05:55]} Nd5 {[%clk 0:02:26]} 32. Nc5
{[%clk 0:05:25]} Be8 {[%clk 0:02:12]} 33. Ne6 {[%clk 0:05:00]} Bh6
{[%clk 0:02:02]} 34. Bg2 {[%clk 0:04:13]} Nxf4 {[%clk 0:01:56]} 35. Nxf4
{[%clk 0:04:16]} Bxf4 {[%clk 0:01:59]} 36. Bd5+ {[%clk 0:04:20]} Bf7
{[%clk 0:01:51]} 37. e6 {[%clk 0:04:24]} Be3+ {[%clk 0:01:55]} 38. Kg2
{[%clk 0:04:18]} Be8 {[%clk 0:02:00]} 39. Kf3 {[%clk 0:03:58]} Kf8
{[%clk 0:01:11]} 40. Ke4 {[%clk 0:03:54]} Ke7 {[%clk 0:00:56]} 41. Ke5
{[%clk 0:03:57]} Bd2 {[%clk 0:01:00]} 42. Bxd4 {[%clk 0:02:52]} Bb4
{[%clk 0:01:03]} 43. Be3 {[%clk 0:02:56]} Bd6+ {[%clk 0:01:06]} 44. Ke4
{[%clk 0:02:59]} Bxh2 {[%clk 0:01:04]} 45. Bg5+ {[%clk 0:03:01]} Kd6
{[%clk 0:01:08]} 46. Bd2 {[%clk 0:02:38]} a4 {[%clk 0:00:39]} 47. Bb4+
{[%clk 0:02:41]} Kc7 {[%clk 0:00:43]} 48. d4 {[%clk 0:02:19]} Bd6
{[%clk 0:00:46]} 49. Ba5+ {[%clk 0:02:23]} Kc8 {[%clk 0:00:51]} 50. Bc4
{[%clk 0:02:13]} a3 {[%clk 0:00:49]} 51. Kd5 {[%clk 0:02:08]} Be7
{[%clk 0:00:49]} 52. Ke5 {[%clk 0:02:12]} h5 {[%clk 0:00:18]} 53. d5
{[%clk 0:02:16]} Bh4 {[%clk 0:00:10]} 54. d6 {[%clk 0:02:01]} Bc6
{[%clk 0:00:09]} 55. Ba6+ {[%clk 0:01:39]} Kb8 {[%clk 0:00:13]} 56. Bc7+
{[%clk 0:00:55]} Ka7 {[%clk 0:00:16]} 57. Bc4 {[%clk 0:00:59]} Bg3+
{[%clk 0:00:16]} 58. Kf6 {[%clk 0:01:01]} h4 {[%clk 0:00:18]} 59. e7
{[%clk 0:00:23]} h3 {[%clk 0:00:18]} 60. Bd5 {[%clk 0:00:20]} Bd7
{[%clk 0:00:13]} 61. Be6 {[%clk 0:00:24]} h2 {[%clk 0:00:08]} 62. Bxd7
{[%clk 0:00:27]} h1=Q {[%clk 0:00:12]} 63. e8=Q {[%clk 0:00:29]} Qf3+
{[%clk 0:00:15]} 64. Kg7 {[%clk 0:00:33]} Qc3+ {[%clk 0:00:17]} 65. Kg8
{[%clk 0:00:35]} Qb3+ {[%clk 0:00:12]} 66. Be6 {[%clk 0:00:39]} Qb7
{[%clk 0:00:16]} 67. Qa4+ {[%clk 0:00:40]} Qa6 {[%clk 0:00:20]} 68. Qd4+
{[%clk 0:00:42]} Kb7 {[%clk 0:00:22]} 69. Qd5+ {[%clk 0:00:43]} Ka7
{[%clk 0:00:27]} 70. Qc5+ {[%clk 0:00:45]} Kb7 {[%clk 0:00:31]} 71. Bd5+
{[%clk 0:00:49]} Kc8 {[%clk 0:00:34]} 72. Bb6+ {[%clk 0:00:52]} 1-0

[Event "VIII Miedzynarodowy Memorial Ferdynanda Dziedzica"]
[Site "Trzcianka"]
[Date "2018.10.14"]
[Round "3.3"]
[White "Tomczak, Jacek"]
[Black "Nowak, Mikolaj"]
[Result "1-0"]
[BlackElo "2107"]
[WhiteElo "2546"]
[LiveChessVersion "1.4.8"]

1. e4 {[%clk 0:10:09]} e5 {[%clk 0:10:09]} 2. Nf3 {[%clk 0:10:12]} Nc6
{[%clk 0:10:12]} 3. Bb5 {[%clk 0:10:14]} a6 {[%clk 0:10:15]} 4. Ba4
{[%clk 0:10:18]} Nf6 {[%clk 0:10:18]} 5. O-O {[%clk 0:10:20]} Be7
{[%clk 0:09:49]} 6. Re1 {[%clk 0:10:21]} b5 {[%clk 0:09:50]} 7. Bb3
{[%clk 0:10:24]} d6 {[%clk 0:09:52]} 8. c3 {[%clk 0:10:24]} O-O {[%clk 0:09:52]}
9. h3 {[%clk 0:10:26]} Nd7 {[%clk 0:09:55]} 10. d4 {[%clk 0:10:24]} Bf6
{[%clk 0:09:56]} 11. a4 {[%clk 0:10:27]} Bb7 {[%clk 0:09:22]} 12. Na3
{[%clk 0:10:06]} b4 {[%clk 0:09:00]} 13. Nc4 {[%clk 0:10:03]} bxc3
{[%clk 0:08:36]} 14. bxc3 {[%clk 0:10:05]} Nb6 {[%clk 0:08:27]} 15. d5
{[%clk 0:10:03]} Ne7 {[%clk 0:08:15]} 16. Na5 {[%clk 0:10:05]} Bc8
{[%clk 0:07:51]} 17. Be3 {[%clk 0:10:06]} g6 {[%clk 0:07:15]} 18. c4
{[%clk 0:10:07]} Nd7 {[%clk 0:07:12]} 19. c5 {[%clk 0:10:08]} Nxc5
{[%clk 0:06:41]} 20. Bxc5 {[%clk 0:10:11]} dxc5 {[%clk 0:06:45]} 21. Rc1
{[%clk 0:10:13]} c6 {[%clk 0:06:16]} 22. Nxc6 {[%clk 0:10:10]} Nxc6
{[%clk 0:06:15]} 23. dxc6 {[%clk 0:10:13]} Qb6 {[%clk 0:05:36]} 24. Bd5
{[%clk 0:10:11]} Rb8 {[%clk 0:04:58]} 25. Qc2 {[%clk 0:10:02]} Qa5
{[%clk 0:04:46]} 26. Qxc5 {[%clk 0:09:53]} Qxa4 {[%clk 0:04:46]} 27. Qd6
{[%clk 0:09:46]} Be6 {[%clk 0:04:39]} 28. Bxe6 {[%clk 0:09:47]} fxe6
{[%clk 0:04:41]} 29. Qxe6+ {[%clk 0:09:46]} Kg7 {[%clk 0:04:44]} 30. c7
{[%clk 0:08:09]} Rbc8 {[%clk 0:04:44]} 31. Rc6 {[%clk 0:08:03]} Qb4
{[%clk 0:03:59]} 32. Qd7+ {[%clk 0:07:51]} Kh6 {[%clk 0:03:52]} 33. Rxf6
{[%clk 0:07:43]} Rxf6 {[%clk 0:03:54]} 34. Qxc8 {[%clk 0:07:46]} Rxf3
{[%clk 0:03:56]} 35. gxf3 {[%clk 0:07:48]} Qxe1+ {[%clk 0:03:48]} 36. Kg2
{[%clk 0:07:51]} 1-0

[Event "VIII Miedzynarodowy Memorial Ferdynanda Dziedzica"]
[Site "Trzcianka"]
[Date "2018.10.14"]
[Round "3.4"]
[White "Sanz Losada, Victoriano"]
[Black "Jaracz, Pawel"]
[Result "0-1"]
[BlackElo "2538"]
[WhiteElo "2077"]
[LiveChessVersion "1.4.8"]

1. d4 {[%clk 0:10:06]} Nf6 {[%clk 0:10:12]} 2. c4 {[%clk 0:10:09]} e6
{[%clk 0:10:16]} 3. Nc3 {[%clk 0:10:11]} Bb4 {[%clk 0:10:19]} 4. e3
{[%clk 0:10:13]} O-O {[%clk 0:10:22]} 5. Nge2 {[%clk 0:10:15]} c6
{[%clk 0:10:25]} 6. a3 {[%clk 0:10:12]} Ba5 {[%clk 0:10:29]} 7. Qc2
{[%clk 0:09:33]} d5 {[%clk 0:10:30]} 8. Ng3 {[%clk 0:09:11]} Nbd7
{[%clk 0:10:29]} 9. cxd5 {[%clk 0:08:49]} exd5 {[%clk 0:10:32]} 10. Bd3
{[%clk 0:08:49]} Bc7 {[%clk 0:10:24]} 11. O-O {[%clk 0:08:37]} Re8
{[%clk 0:09:56]} 12. b4 {[%clk 0:08:26]} h5 {[%clk 0:09:42]} 13. f4
{[%clk 0:07:25]} Nb6 {[%clk 0:09:33]} 14. Nd1 {[%clk 0:04:59]} h4
{[%clk 0:09:16]} 15. Nf5 {[%clk 0:04:47]} Ne4 {[%clk 0:09:14]} 16. g4
{[%clk 0:04:24]} Bxf5 {[%clk 0:08:58]} 17. gxf5 {[%clk 0:04:27]} Qf6
{[%clk 0:08:35]} 18. Qg2 {[%clk 0:02:42]} Qxf5 {[%clk 0:08:33]} 19. Nf2
{[%clk 0:02:27]} Re6 {[%clk 0:08:36]} 20. Bxe4 {[%clk 0:01:01]} dxe4
{[%clk 0:08:39]} 21. Kh1 {[%clk 0:00:39]} Rae8 {[%clk 0:07:56]} 22. Qg4
{[%clk 0:00:41]} Qxg4 {[%clk 0:07:33]} 23. Nxg4 {[%clk 0:00:44]} f5
{[%clk 0:06:58]} 24. Ne5 {[%clk 0:00:31]} Bxe5 {[%clk 0:06:54]} 25. fxe5
{[%clk 0:00:35]} Rf8 {[%clk 0:06:50]} 26. Ra2 {[%clk 0:00:33]} Nd5
{[%clk 0:06:24]} 27. Raf2 {[%clk 0:00:21]} g6 {[%clk 0:06:28]} 28. Kg2
{[%clk 0:00:11]} Kf7 {[%clk 0:06:27]} 29. Kh3 {[%clk 0:00:08]} Rh8
{[%clk 0:06:30]} 30. Rc2 Re7 31. Rc5 0-1

[Event "VIII Miedzynarodowy Memorial Ferdynanda Dziedzica"]
[Site "Trzcianka"]
[Date "2018.10.14"]
[Round "3.5"]
[White "Krasenkow, Michal"]
[Black "Sanz Wawer, Daniel"]
[Result "1-0"]
[BlackElo "2061"]
[WhiteElo "2524"]
[LiveChessVersion "1.4.8"]

1. d4 {[%clk 0:10:05]} d5 {[%clk 0:10:05]} 2. c4 {[%clk 0:10:05]} c6
{[%clk 0:10:05]} 3. Nc3 {[%clk 0:10:05]} Nf6 {[%clk 0:10:05]} 4. e3
{[%clk 0:10:05]} e6 {[%clk 0:10:05]} 5. Nf3 {[%clk 0:10:05]} Nbd7
{[%clk 0:10:05]} 6. Qc2 {[%clk 0:10:05]} Be7 {[%clk 0:10:05]} 7. b3
{[%clk 0:10:05]} O-O {[%clk 0:10:05]} 8. Bb2 {[%clk 0:10:05]} b6 {[%clk 0:10:04]}
9. Bd3 {[%clk 0:10:07]} Bb7 {[%clk 0:10:02]} 10. O-O {[%clk 0:09:49]} c5
{[%clk 0:09:53]} 11. cxd5 {[%clk 0:09:47]} exd5 {[%clk 0:09:48]} 12. Ne5
{[%clk 0:09:48]} cxd4 {[%clk 0:09:19]} 13. exd4 {[%clk 0:09:48]} h6
{[%clk 0:08:46]} 14. Bf5 {[%clk 0:09:30]} Rc8 {[%clk 0:07:13]} 15. Qd3
{[%clk 0:09:26]} a6 {[%clk 0:05:38]} 16. Qh3 {[%clk 0:08:45]} Rc7
{[%clk 0:05:26]} 17. Rac1 {[%clk 0:08:43]} Nxe5 {[%clk 0:04:44]} 18. dxe5
{[%clk 0:08:46]} Ne4 {[%clk 0:04:23]} 19. Nxe4 {[%clk 0:07:58]} dxe4
{[%clk 0:04:17]} 20. Rcd1 {[%clk 0:05:03]} Qe8 {[%clk 0:03:35]} 21. Bd7
{[%clk 0:04:58]} Qa8 {[%clk 0:02:27]} 22. e6 {[%clk 0:05:00]} f6 {[%clk 0:02:11]}
23. Bd4 {[%clk 0:04:49]} b5 {[%clk 0:01:58]} 24. Be3 {[%clk 0:04:43]} Bc8
{[%clk 0:00:58]} 25. Qg3 {[%clk 0:04:20]} Qb8 {[%clk 0:00:29]} 26. Bxh6
{[%clk 0:04:19]} g5 {[%clk 0:00:33]} 27. Bxf8 {[%clk 0:04:20]} 1-0

[Event "VIII Miedzynarodowy Memorial Ferdynanda Dziedzica"]
[Site "Trzcianka"]
[Date "2018.10.14"]
[Round "3.6"]
[White "Antolak, Julia"]
[Black "Kantans, Toms"]
[Result "0-1"]
[BlackElo "2513"]
[WhiteElo "2058"]
[LiveChessVersion "1.4.8"]

1. e4 {[%clk 0:10:08]} c5 {[%clk 0:10:08]} 2. Nf3 {[%clk 0:10:11]} Nf6
{[%clk 0:10:12]} 3. e5 {[%clk 0:10:14]} Nd5 {[%clk 0:10:15]} 4. c3
{[%clk 0:10:13]} d6 {[%clk 0:10:16]} 5. exd6 {[%clk 0:10:03]} Qxd6
{[%clk 0:10:12]} 6. d4 {[%clk 0:10:04]} cxd4 {[%clk 0:09:39]} 7. Nxd4
{[%clk 0:09:45]} a6 {[%clk 0:09:43]} 8. Be2 {[%clk 0:09:35]} e5 {[%clk 0:09:19]}
9. Nb3 {[%clk 0:09:26]} Be6 {[%clk 0:09:08]} 10. O-O {[%clk 0:09:18]} Nc6
{[%clk 0:09:09]} 11. Bf3 {[%clk 0:09:02]} f5 {[%clk 0:07:29]} 12. g3
{[%clk 0:08:45]} O-O-O {[%clk 0:07:06]} 13. Qe2 {[%clk 0:07:49]} e4
{[%clk 0:06:46]} 14. Bg2 {[%clk 0:07:51]} h5 {[%clk 0:06:48]} 15. Rd1
{[%clk 0:07:11]} Nf4 {[%clk 0:06:36]} 16. Rxd6 {[%clk 0:06:26]} Nxe2+
{[%clk 0:06:38]} 17. Kf1 {[%clk 0:06:29]} Nxg3+ {[%clk 0:06:19]} 18. hxg3
{[%clk 0:06:32]} Bxd6 {[%clk 0:06:20]} 19. Be3 {[%clk 0:06:29]} h4
{[%clk 0:06:22]} 20. gxh4 {[%clk 0:06:31]} f4 {[%clk 0:05:50]} 21. Bb6
{[%clk 0:06:28]} f3 {[%clk 0:05:53]} 0-1

[Event "VIII Miedzynarodowy Memorial Ferdynanda Dziedzica"]
[Site "Trzcianka"]
[Date "2018.10.14"]
[Round "3.7"]
[White "Tomczak, Mikolaj"]
[Black "Swiatek, Bartosz"]
[Result "1-0"]
[BlackElo "2059"]
[WhiteElo "2448"]
[LiveChessVersion "1.4.8"]

1. d4 {[%clk 0:10:05]} Nf6 {[%clk 0:10:07]} 2. c4 {[%clk 0:10:08]} g6
{[%clk 0:10:09]} 3. Nc3 {[%clk 0:10:11]} Bg7 {[%clk 0:10:08]} 4. e4
{[%clk 0:10:14]} d6 {[%clk 0:10:11]} 5. Nf3 {[%clk 0:10:17]} O-O {[%clk 0:10:14]}
6. Be2 {[%clk 0:10:21]} e5 {[%clk 0:10:17]} 7. Be3 {[%clk 0:10:24]} Nc6
{[%clk 0:09:57]} 8. d5 {[%clk 0:10:27]} Ne7 {[%clk 0:10:01]} 9. Nd2
{[%clk 0:10:30]} Nd7 {[%clk 0:09:31]} 10. Rc1 {[%clk 0:10:26]} f5
{[%clk 0:09:31]} 11. f3 {[%clk 0:10:30]} f4 {[%clk 0:09:25]} 12. Bf2
{[%clk 0:10:33]} c5 {[%clk 0:08:58]} 13. dxc6 {[%clk 0:10:33]} bxc6
{[%clk 0:09:00]} 14. b4 {[%clk 0:10:29]} Nf6 {[%clk 0:08:37]} 15. b5
{[%clk 0:10:22]} Be6 {[%clk 0:08:05]} 16. O-O {[%clk 0:10:17]} g5
{[%clk 0:07:57]} 17. Nb3 {[%clk 0:09:36]} c5 {[%clk 0:06:44]} 18. Qd2
{[%clk 0:09:09]} Qc7 {[%clk 0:05:18]} 19. Rfd1 {[%clk 0:09:02]} Rad8
{[%clk 0:04:55]} 20. Na4 {[%clk 0:08:44]} Nc8 {[%clk 0:04:22]} 21. Qa5
{[%clk 0:07:41]} Nb6 {[%clk 0:04:18]} 22. Nbxc5 {[%clk 0:06:32]} dxc5
{[%clk 0:04:11]} 23. Nxc5 {[%clk 0:06:05]} Bc8 {[%clk 0:03:25]} 24. Na4
{[%clk 0:05:44]} Rxd1+ {[%clk 0:02:46]} 25. Rxd1 {[%clk 0:05:43]} Rf7
{[%clk 0:02:27]} 26. Nxb6 {[%clk 0:05:06]} axb6 {[%clk 0:02:27]} 27. Bxb6
{[%clk 0:05:00]} Qe7 {[%clk 0:01:51]} 28. c5 {[%clk 0:04:41]} Nd7
{[%clk 0:01:01]} 29. Bc4 {[%clk 0:04:43]} Nxc5 {[%clk 0:01:00]} 30. Qa8
{[%clk 0:03:45]} Ne6 {[%clk 0:00:24]} 31. Qxc8+ {[%clk 0:03:44]} Bf8
{[%clk 0:00:22]} 32. Bxe6 {[%clk 0:03:44]} 1-0

[Event "VIII Miedzynarodowy Memorial Ferdynanda Dziedzica"]
[Site "Trzcianka"]
[Date "2018.10.14"]
[Round "3.8"]
[White "Lewtak, Dominik"]
[Black "Jedynak, Radoslaw"]
[Result "0-1"]
[BlackElo "2424"]
[WhiteElo "2031"]
[LiveChessVersion "1.4.8"]

1. d4 {[%clk 0:10:07]} e6 {[%clk 0:10:10]} 2. c4 {[%clk 0:10:09]} Nf6
{[%clk 0:10:13]} 3. Nc3 {[%clk 0:10:08]} Bb4 {[%clk 0:10:17]} 4. e3
{[%clk 0:10:08]} b6 {[%clk 0:10:11]} 5. a3 {[%clk 0:09:53]} Bxc3+
{[%clk 0:10:14]} 6. bxc3 {[%clk 0:09:57]} Bb7 {[%clk 0:10:17]} 7. Nf3
{[%clk 0:09:55]} O-O {[%clk 0:10:19]} 8. Bd3 {[%clk 0:09:40]} d6 {[%clk 0:10:20]}
9. O-O {[%clk 0:09:40]} Ne4 {[%clk 0:09:43]} 10. Qc2 {[%clk 0:08:59]} f5
{[%clk 0:09:46]} 11. Nd2 {[%clk 0:08:26]} Nxd2 {[%clk 0:09:47]} 12. Bxd2
{[%clk 0:08:00]} Qh4 {[%clk 0:08:10]} 13. Rae1 {[%clk 0:07:36]} Nd7
{[%clk 0:08:02]} 14. f3 {[%clk 0:06:57]} Rf6 {[%clk 0:06:39]} 15. e4
{[%clk 0:06:43]} f4 {[%clk 0:06:41]} 16. e5 {[%clk 0:05:23]} dxe5
{[%clk 0:06:38]} 17. Be4 {[%clk 0:04:32]} Bxe4 {[%clk 0:05:32]} 18. Qxe4
{[%clk 0:04:35]} Raf8 {[%clk 0:05:35]} 19. Qc6 {[%clk 0:03:34]} R8f7
{[%clk 0:05:16]} 20. Qxc7 {[%clk 0:03:10]} Rh6 {[%clk 0:05:14]} 21. h3
{[%clk 0:03:12]} Rg6 {[%clk 0:05:00]} 22. Qc8+ {[%clk 0:02:41]} Nf8
{[%clk 0:05:00]} 23. Rxe5 {[%clk 0:02:34]} Rxg2+ {[%clk 0:03:04]} 24. Kxg2
{[%clk 0:02:33]} Qg3+ {[%clk 0:03:08]} 25. Kh1 {[%clk 0:02:34]} Rf6
{[%clk 0:03:03]} 26. Bxf4 {[%clk 0:01:46]} Rxf4 {[%clk 0:03:06]} 27. Rh5
{[%clk 0:01:35]} Rxf3 {[%clk 0:01:50]} 28. Rg1 {[%clk 0:01:35]} Qf4
{[%clk 0:01:51]} 29. Qb7 {[%clk 0:01:25]} g6 {[%clk 0:01:54]} 30. Rxh7
{[%clk 0:01:12]} Qf6 {[%clk 0:00:31]} 31. Rg7+ {[%clk 0:01:09]} Kh8
{[%clk 0:00:35]} 32. Rh7+ {[%clk 0:00:45]} Nxh7 {[%clk 0:00:35]} 33. Qc8+
{[%clk 0:00:45]} Nf8 {[%clk 0:00:35]} 0-1

[Event "VIII Miedzynarodowy Memorial Ferdynanda Dziedzica"]
[Site "Trzcianka"]
[Date "2018.10.14"]
[Round "3.9"]
[White "Czerwonski, Aleksander"]
[Black "Maciejewski, Andrzej"]
[Result "1-0"]
[BlackElo "2052"]
[WhiteElo "2358"]
[LiveChessVersion "1.4.8"]

1. d4 {[%clk 0:10:09]} g6 {[%clk 0:10:09]} 2. c4 {[%clk 0:10:12]} c6
{[%clk 0:10:12]} 3. e4 {[%clk 0:10:15]} d6 {[%clk 0:10:16]} 4. Ne2
{[%clk 0:10:12]} Bg7 {[%clk 0:10:12]} 5. Be3 {[%clk 0:10:10]} a6 {[%clk 0:09:52]}
6. Nec3 {[%clk 0:10:06]} b5 {[%clk 0:09:38]} 7. Nd2 {[%clk 0:09:59]} Nf6
{[%clk 0:09:33]} 8. Be2 {[%clk 0:09:39]} O-O {[%clk 0:08:05]} 9. O-O
{[%clk 0:09:41]} e5 {[%clk 0:07:12]} 10. d5 {[%clk 0:09:11]} b4 {[%clk 0:07:09]}
11. Na4 {[%clk 0:08:58]} c5 {[%clk 0:07:12]} 12. a3 {[%clk 0:08:35]} a5
{[%clk 0:07:13]} 13. Nxc5 {[%clk 0:08:18]} dxc5 {[%clk 0:07:04]} 14. Bxc5
{[%clk 0:08:20]} Re8 {[%clk 0:06:56]} 15. axb4 {[%clk 0:08:20]} Na6
{[%clk 0:05:29]} 16. Rxa5 {[%clk 0:07:23]} Rb8 {[%clk 0:05:33]} 17. Be3
{[%clk 0:06:36]} Nxb4 {[%clk 0:04:22]} 18. Ra7 {[%clk 0:06:36]} Re7
{[%clk 0:03:13]} 19. b3 {[%clk 0:04:40]} Rxa7 {[%clk 0:02:52]} 20. Bxa7
{[%clk 0:04:44]} Ra8 {[%clk 0:02:45]} 21. Bc5 {[%clk 0:04:37]} Bf8
{[%clk 0:02:37]} 22. Bxf8 {[%clk 0:04:01]} Qxf8 {[%clk 0:02:39]} 23. Nf3
{[%clk 0:04:01]} Nd7 {[%clk 0:02:33]} 24. Qd2 {[%clk 0:03:56]} Kg7
{[%clk 0:02:24]} 25. Qc3 {[%clk 0:03:18]} f6 {[%clk 0:02:21]} 26. Ra1
{[%clk 0:03:22]} Rxa1+ {[%clk 0:02:13]} 27. Qxa1 {[%clk 0:03:26]} Qc5
{[%clk 0:01:55]} 28. Qa8 {[%clk 0:03:12]} Nb6 {[%clk 0:01:37]} 29. Qb8
{[%clk 0:02:37]} Nd7 {[%clk 0:01:39]} 30. Qa8 {[%clk 0:02:34]} Nb6
{[%clk 0:01:43]} 31. Qa7+ {[%clk 0:02:31]} Nd7 {[%clk 0:01:38]} 32. Qa4
{[%clk 0:02:35]} Nb6 {[%clk 0:01:12]} 33. Qe8 {[%clk 0:02:39]} Bd7
{[%clk 0:01:12]} 34. Qd8 {[%clk 0:02:42]} Nc2 {[%clk 0:00:49]} 35. h3
{[%clk 0:02:35]} h5 {[%clk 0:00:41]} 36. Nh4 {[%clk 0:02:19]} Nb4
{[%clk 0:00:20]} 37. Nxg6 {[%clk 0:01:45]} Kxg6 {[%clk 0:00:23]} 38. Qg8+
{[%clk 0:01:48]} Kh6 {[%clk 0:00:25]} 39. Qh8+ {[%clk 0:01:51]} Kg6
{[%clk 0:00:21]} 40. Bxh5+ {[%clk 0:01:51]} Kg5 {[%clk 0:00:26]} 41. g3
{[%clk 0:01:23]} Bxh3 {[%clk 0:00:21]} 42. Bf7 1-0